[Event "16th Costa del Sol it"]
[Site "Torremolinos y Malaga ESP"]
[Date "1976.02.11"]
[Round "6"]
[White "Medina Garcia, Antonio Angel"]
[Black "Garcia Gonzalez, Guillermo"]
[Result "0-1"]
[WhiteElo "2345"]
[BlackElo "2475"]
[EventDate "1976.02.06"]
[PlyCount "140"]

1. e4 d6 2. Nc3 c5 3. g3 g6 4. Bg2 Nc6 5. d3 Bg7 6. f4 Nh6 7. Nf3 O-O 8. O-O f5
9. Kh1 Rb8 10. a3 Bd7 11. Be3 b5 12. Qd2 a5 13. Rae1 b4 14. axb4 axb4 15. Nd1
Qa5 16. Ng5 Nf7 17. h4 Nxg5 18. hxg5 Rfe8 19. exf5 gxf5 20. Qe2 Qa2 21. b3 Rbc8
22. Rf2 Qa7 23. Qh5 e6 24. g4 Ne7 25. Bc1 fxg4 26. Ne3 g3 27. Rfe2 Rf8 28. Ng4
Nf5 29. Be4 Be8 30. Qh3 Bg6 31. Nh6+ Bxh6 32. gxh6 Kf7 33. Bb2 Rfe8 34. Bg2 Qd7
35. Ra1 Rc7 36. Qg4 Qd8 37. Ra6 Rg8 38. Kg1 Rd7 39. Bh3 Qe7 40. Qf3 Nh4 41. Qc6
Bf5 42. Bg2 Rg4 43. Ra8 Nxg2 44. Rxg2 Rd8 45. Ra6 Kg6 46. Bg7 Rxf4 47. Rxg3+
Rg4 48. Rxg4+ Bxg4 49. Qe4+ Bf5 50. Qg2+ Qg5 51. Kf2 Qxg2+ 52. Kxg2 Bg4 53. Kf2
Bd1 54. Ra2 e5 55. Ke1 Bh5 56. Ra6 Kf5 57. Kd2 Ke6 58. Ra1 Bg6 59. Rf1 Bf5 60.
Ra1 e4 61. dxe4 Bxe4 62. Ra7 Re8 63. Ra1 Kd5 64. Rf1 Kc6 65. Rf7 Ra8 66. Kc1 d5
67. Kb2 c4 68. bxc4 dxc4 69. Rf8 c3+ 70. Kb3 Kb5 {
Blancas: 4 horas y 17 minutos  Negras: 3 horas y 58 minutos} 0-1

[Event "16th Costa del Sol it"]
[Site "Torremolinos y Malaga ESP"]
[Date "1976.02.11"]
[Round "6"]
[White "Gheorghiu, Florin"]
[Black "Hernando Pertierra, Jose Carlos"]
[Result "1/2-1/2"]
[WhiteElo "2540"]
[BlackElo "2315"]
[EventDate "1976.02.06"]
[PlyCount "44"]

1. e4 c6 2. d4 d5 3. exd5 cxd5 4. c4 Nf6 5. Nc3 e6 6. Nf3 Be7 7. cxd5 exd5 8.
Bb5+ Bd7 9. Bxd7+ Nbxd7 10. Qb3 Nb6 11. O-O O-O 12. Re1 Re8 13. Bg5 $1 Qd7 14.
Ne5 Qd8 15. a4 $1 a5 $8 16. Nd3 $1 Kf8 $6 17. Nc5 Nbd7 18. Nxb7 Rb8 $2 19. Nxd8
$4 Rxb3 20. Nc6 Bb4 21. Rxe8+ Kxe8 22. Nb5 Rxb2 {
Blancas: 2 horas y 13 minutos  Negras: 1 hora y 54 minutos} 1/2-1/2

[Event "16th Costa del Sol it"]
[Site "Torremolinos y Malaga ESP"]
[Date "1976.02.11"]
[Round "6"]
[White "Christiansen, Larry Mark"]
[Black "Szmetan, Jorge"]
[Result "1-0"]
[WhiteElo "2400"]
[BlackElo "2450"]
[EventDate "1976.02.06"]
[PlyCount "85"]

1. e4 c5 2. Nc3 Nc6 3. Nf3 g6 4. d4 cxd4 5. Nxd4 Bg7 6. Be3 Nf6 7. Bc4 O-O 8.
O-O d6 9. h3 Bd7 10. Bb3 Nxd4 11. Bxd4 Bc6 12. Qd3 b5 13. Rfe1 Qd7 14. Nd5 Bxd5
$5 ({Una alternativa es} 14... Nxd5 $6 15. exd5 Bb7) 15. exd5 Qb7 16. Qf3 Rfe8
17. Rad1 Rac8 18. a4 a6 19. axb5 axb5 20. Re3 Nd7 21. Bxg7 Kxg7 22. Rd4 Nf6 23.
Rf4 Rf8 24. Rh4 h5 25. Qd1 Qa7 26. c3 Rc7 27. Qd2 Rh8 28. Rb4 Rb8 $5 29. Kh2
Qc5 30. f4 $1 Ng8 $2 ({Mejor es la retirada} 30... Rh8) 31. f5 $1 Nh6 (31... g5
32. Rg3 f6 {(Byrne - Mednis)} 33. Rh4 Kh6 34. Qe2 {blancas ganan}) 32. Bc2 Rh8
33. fxg6 f6 ({Or} 33... fxg6 34. Rf4 $1) 34. Rh4 Qa7 35. Qe2 e5 36. dxe6 Rc5
37. Qd3 $2 Qc7 $2 {Los errores se cometen bajo la presion del tiempo} (37...
Nf5 {contraataca}) 38. Rf4 d5 39. Qd4 Qe7 40. Ref3 Ng4+ 41. Kg1 Rc4 42. Qxd5
Rd8 43. Qxh5 {La posicion de Szmetan se desmorona.  Blancas: 2 horas y 26
minutos  Negras: 2 horas y 32 minutos} 1-0

[Event "16th Costa del Sol it"]
[Site "Torremolinos y Malaga ESP"]
[Date "1976.02.11"]
[Round "6"]
[White "Pomar Salamanca, Arturo"]
[Black "Fraguela Gil, Jose Miguel"]
[Result "1/2-1/2"]
[WhiteElo "2430"]
[BlackElo "2380"]
[EventDate "1976.02.06"]
[PlyCount "45"]

1. c4 Nf6 2. Nc3 c5 3. g3 e6 4. Nf3 Be7 5. Bg2 O-O 6. O-O a6 7. b3 Nc6 8. d4
cxd4 9. Nxd4 Qc7 10. Bb2 d6 11. Rc1 Nxd4 12. Qxd4 Bd7 13. Rfd1 Rfd8 14. h3 Be8
15. a4 Rac8 16. Ba3 Qb8 17. a5 Bc6 18. Na4 Bxa4 19. bxa4 Rc7 20. Rb1 Qc8 21.
Qb6 d5 22. Bxe7 Rxe7 23. cxd5 {
Blancas: 1 hora y 25 minutos  Negras: 1 hora y 42 minutos} 1/2-1/2

[Event "16th Costa del Sol it"]
[Site "Torremolinos y Malaga ESP"]
[Date "1976.02.13"]
[Round "7"]
[White "Bellon Lopez, Juan Manuel"]
[Black "Byrne, Robert"]
[Result "0-1"]
[WhiteElo "2475"]
[BlackElo "2540"]
[EventDate "1976.02.06"]
[PlyCount "73"]

1. e4 c5 2. f4 Nf6 3. Nc3 d5 4. e5 Ng8 5. Nf3 e6 6. b4 cxb4 7. Nb5 a6 8. Nbd4
Nc6 9. a3 Bd7 10. axb4 Bxb4 11. c3 Nxd4 12. Nxd4 Bc5 13. Nf3 Nh6 14. d4 Be7 15.
Bd3 Qc7 16. Bd2 Nf5 17. g4 Nh4 18. O-O Nxf3+ 19. Qxf3 f6 20. Qh3 O-O-O 21. c4
dxc4 22. Bxc4 Qb6 23. Qe3 Bb5 24. Rfb1 Qxd4 25. Bxb5 Qxd2 26. Qxd2 Rxd2 27. Bc4
fxe5 28. Bxe6+ Kc7 29. fxe5 Bc5+ 30. Kh1 Re8 31. Rc1 Kc6 32. Ra2 Rxa2 33. Bxa2
Rxe5 34. Rf1 b5 35. Bb1 h6 36. Kg2 Re2+ 37. Kf3 $138 {
Blancas: 2 horas y 30 minutos  Negras: 2 horas} 0-1

[Event "16th Costa del Sol it"]
[Site "Torremolinos y Malaga ESP"]
[Date "1976.02.13"]
[Round "7"]
[White "Sigurjonsson, Gudmundur"]
[Black "Medina Garcia, Antonio Angel"]
[Result "1/2-1/2"]
[WhiteElo "2530"]
[BlackElo "2345"]
[EventDate "1976.02.06"]
[PlyCount "60"]

1. e4 e5 2. Nf3 Nc6 3. Bb5 a6 4. Ba4 d6 5. O-O Bd7 6. d4 Nge7 7. d5 Nb8 8.
Bxd7+ Nxd7 9. c4 Ng6 10. Be3 Be7 11. Nbd2 a5 12. b3 O-O 13. Qc2 b6 14. a3 Nf4
15. b4 Qc8 16. Nb3 a4 17. Nbd2 g6 18. Rfe1 Nh5 19. Bh6 Re8 20. Rac1 Bf8 21. Be3
Ng7 22. Nb1 f5 23. exf5 gxf5 24. Nc3 e4 25. Nd2 Ne5 26. Rcd1 Nh5 27. Rf1 Bg7
28. Ne2 Qd7 29. Bd4 Nd3 30. Qc3 Re7 {
Blancas: 2 horas y 8 minutos  Negras: 2 horas y 17 minutos} 1/2-1/2

[Event "16th Costa del Sol it"]
[Site "Torremolinos y Malaga ESP"]
[Date "1976.02.13"]
[Round "7"]
[White "Keene, Raymond Dennis"]
[Black "Ciocaltea, Victor"]
[Result "1/2-1/2"]
[WhiteElo "2460"]
[BlackElo "2480"]
[EventDate "1976.02.06"]
[PlyCount "28"]

1. c4 g6 2. e4 Bg7 3. d4 d6 4. Nc3 Nd7 5. Be3 e5 6. d5 Bh6 7. Bxh6 Nxh6 8. Qd2
Ng4 9. Bd3 Nc5 10. Bc2 a5 11. f3 Nf6 12. Nge2 Bd7 13. O-O Qe7 14. b3 O-O {
Blancas: 1 hora y 22 minutos  Negras: 1 hora y 22 minutos} 1/2-1/2

[Event "16th Costa del Sol it"]
[Site "Torremolinos y Malaga ESP"]
[Date "1976.02.13"]
[Round "7"]
[White "Garcia Gonzalez, Guillermo"]
[Black "Gheorghiu, Florin"]
[Result "1/2-1/2"]
[WhiteElo "2475"]
[BlackElo "2540"]
[EventDate "1976.02.06"]
[PlyCount "28"]

1. c4 Nf6 2. Nc3 e5 3. Nf3 Nc6 4. d3 g6 5. g3 Bg7 6. Bg2 O-O 7. O-O d6 8. Rb1
Nd4 9. Nxd4 exd4 10. Ne4 Nxe4 11. dxe4 Be6 12. b3 Qd7 13. e3 dxe3 14. Bxe3 Bh3
{Blancas: 43 minutos  Negras: 23 minutos} 1/2-1/2

[Event "16th Costa del Sol it"]
[Site "Torremolinos y Malaga ESP"]
[Date "1976.02.13"]
[Round "7"]
[White "Hernando Pertierra, Jose Carlos"]
[Black "Pomar Salamanca, Arturo"]
[Result "1/2-1/2"]
[WhiteElo "2315"]
[BlackElo "2430"]
[EventDate "1976.02.06"]
[PlyCount "32"]

1. Nf3 d5 2. g3 Nf6 3. Bg2 e6 4. c4 Be7 5. b3 O-O 6. O-O b6 7. d4 Bb7 8. Ne5
Nbd7 9. Bb2 Ne4 10. Nc3 Nxc3 11. Bxc3 Nxe5 12. dxe5 Rb8 13. cxd5 Bxd5 14. Bxd5
Qxd5 15. Qxd5 exd5 16. Rfd1 Rfd8 {Blancas: 45 minutos  Negras: 36 minutos}
1/2-1/2

[Event "16th Costa del Sol it"]
[Site "Torremolinos y Malaga ESP"]
[Date "1976.02.13"]
[Round "7"]
[White "Fraguela Gil, Jose Miguel"]
[Black "Christiansen, Larry Mark"]
[Result "1/2-1/2"]
[WhiteElo "2380"]
[BlackElo "2400"]
[EventDate "1976.02.06"]
[PlyCount "109"]

1. d4 d5 2. c4 e6 3. Nc3 c5 4. cxd5 exd5 5. Nf3 Nc6 6. g3 Nf6 7. Bg2 Be7 8. O-O
O-O 9. dxc5 d4 10. Na4 Bf5 11. Bf4 Be4 12. Rc1 Qd5 13. Qb3 Qh5 14. Rfd1 Rad8
15. Bd6 b5 16. Bxe7 bxa4 17. Qxa4 Nxe7 18. Rxd4 Nc6 19. Rxe4 Nxe4 20. Qxe4 Qh6
21. e3 Rfe8 22. Qc4 a5 23. a3 Rb8 24. Nd4 Ne5 25. Qe2 Rbc8 26. c6 Qd6 27. Qc2
Ng4 28. Qc3 Nf6 29. Nf5 Qc7 30. Qc5 Red8 31. b4 axb4 32. axb4 Rd2 33. b5 Rb2
34. Nd4 Ng4 35. Rc2 Rb1+ 36. Rc1 Rb2 37. Rc2 Rb1+ 38. Rc1 Rb2 39. Rf1 Ra8 40.
Bf3 Ne5 41. Bd5 Ra4 42. Qc3 Rab4 43. Qa3 g6 44. f4 Qd8 45. c7 Qxc7 46. fxe5 Rb1
47. Qd3 Rxf1+ 48. Qxf1 Rb2 49. e6 fxe6 50. Nxe6 Qd6 51. Nf4+ Kg7 52. Qa1 Qe5
53. Ne6+ Kh6 54. Qc1 Rxb5 55. e4+ {
Blancas: 3 horas y 29 minutos  Negras: 3 horas y 12 minutos} 1/2-1/2

[Event "16th Costa del Sol it"]
[Site "Torremolinos y Malaga ESP"]
[Date "1976.02.14"]
[Round "8"]
[White "Byrne, Robert"]
[Black "Medina Garcia, Antonio Angel"]
[Result "1-0"]
[WhiteElo "2540"]
[BlackElo "2345"]
[EventDate "1976.02.06"]
[PlyCount "69"]

1. e4 e5 2. Nf3 Nc6 3. Bb5 a6 4. Ba4 d6 5. c3 Bd7 6. d4 Nf6 7. Nbd2 Qe7 8. O-O
g6 9. Re1 Bg7 10. Nf1 O-O 11. Ng3 Rad8 12. h3 Kh8 13. Bg5 h6 14. Be3 Rfe8 15.
Rc1 b6 16. d5 Nb8 17. Bxd7 Nbxd7 18. b4 Ra8 19. Nd2 h5 20. Rc2 a5 21. Bg5 Qf8
22. Nb3 Reb8 23. Nf1 Bh6 24. Bxf6+ Nxf6 25. Nfd2 Nd7 26. Qe2 Qe7 27. Nc4 a4 28.
Nbd2 Rg8 29. Nb2 Rgf8 30. c4 Qh4 31. Nd3 f5 32. c5 bxc5 33. bxc5 Rf7 34. Nf3
Qxe4 35. Qd1 {Blancas: 2 horas y 7 minutos  Negras: 2 horas y 29 minutos} 1-0

[Event "16th Costa del Sol it"]
[Site "Torremolinos y Malaga ESP"]
[Date "1976.02.14"]
[Round "8"]
[White "Bellon Lopez, Juan Manuel"]
[Black "Keene, Raymond Dennis"]
[Result "1/2-1/2"]
[WhiteElo "2475"]
[BlackElo "2460"]
[EventDate "1976.02.06"]
[PlyCount "160"]

1. e4 g6 2. g3 Bg7 3. Bg2 c5 4. d3 Nc6 5. f4 d6 6. Nf3 Nf6 7. O-O O-O 8. Nbd2
Rb8 9. c3 b5 10. Qc2 b4 11. Nh4 bxc3 12. bxc3 Nd7 13. Nc4 Ba6 14. e5 Na5 15.
exd6 Nxc4 16. dxe7 Qxe7 17. dxc4 Bxc4 18. Rd1 Nb6 19. Ba3 Qe3+ 20. Qf2 Qxf2+
21. Kxf2 Na4 22. Rd7 Nxc3 23. Bxc5 Rfe8 24. Bxa7 Rb2+ 25. Kg1 Rc2 26. Kh1 Nb5
27. Rad1 Nxa7 28. Rxa7 Bxa2 29. Ra8 Rxa8 30. Bxa8 Bf6 31. Ng2 Bb3 32. Re1 Ra2
33. Be4 Bc3 34. Rb1 Be6 35. Nh4 Ra4 36. Bc6 Ra3 37. Be4 Ra4 38. Bc6 Ra6 39. Be4
Ra2 40. Nf3 Ra4 41. Bc6 Ra6 42. Be4 Bf6 43. Ng5 Bg4 44. Rb7 Bxg5 45. fxg5 Bh3
46. Rb1 Ra5 47. Bg2 Bxg2+ 48. Kxg2 Rxg5 49. h4 Rh5 50. Rb7 Rf5 51. Ra7 Re5 52.
Kf3 Kf8 53. Kf4 Rf5+ 54. Kg4 Kg7 55. Ra2 Rb5 56. Ra7 Rb4+ 57. Kf3 Rb3+ 58. Kf2
Rd3 59. Kg2 Re3 60. Kf2 Re6 61. Kf3 Kf8 62. Ra8+ Re8 63. Ra5 f6 64. Ra6 Kf7 65.
Rb6 Re7 66. Ra6 Kg7 67. Rb6 Ra7 68. Rc6 Ra3+ 69. Kg2 Ra7 70. Kf3 f5 71. Kg2 Kh6
72. Rc8 Kh5 73. Kh3 Ra3 74. Rc7 h6 75. Rf7 Rf3 76. Rf8 Rf2 77. Rf7 g5 78. Rxf5
Rxf5 79. g4+ Kg6 80. gxf5+ Kxf5 {Blancas: 3 horas y 5 minutos  Negras: 4 horas}
1/2-1/2

[Event "16th Costa del Sol it"]
[Site "Torremolinos y Malaga ESP"]
[Date "1976.02.14"]
[Round "8"]
[White "Gheorghiu, Florin"]
[Black "Sigurjonsson, Gudmundur"]
[Result "1/2-1/2"]
[WhiteElo "2540"]
[BlackElo "2530"]
[EventDate "1976.02.06"]
[PlyCount "56"]

1. d4 Nf6 2. c4 g6 3. Nc3 Bg7 4. e4 d6 5. f3 O-O 6. Be3 e5 7. d5 c5 8. g4 h5 9.
h3 Nh7 10. Qd2 a6 11. O-O-O h4 12. f4 exf4 13. Bxf4 Qf6 14. Nf3 Nd7 15. Re1 Re8
16. g5 Qe7 17. Nxh4 Ne5 18. Be2 Bd7 19. Nf3 b5 20. h4 Nxf3 21. Bxf3 Be5 22. Qh2
Kg7 23. Rhf1 Qd8 24. Bxe5+ Rxe5 25. Kb1 Rb8 26. Re3 Qe7 27. Ne2 bxc4 28. Nf4 a5
{Blancas: 2 horas y 10 minutos  Negras: 2 horas y 1 minuto} 1/2-1/2

[Event "16th Costa del Sol it"]
[Site "Torremolinos y Malaga ESP"]
[Date "1976.02.14"]
[Round "8"]
[White "Ciocaltea, Victor"]
[Black "Szmetan, Jorge"]
[Result "1/2-1/2"]
[WhiteElo "2480"]
[BlackElo "2450"]
[EventDate "1976.02.06"]
[PlyCount "34"]

1. e4 e5 2. Nf3 Nf6 3. d3 d6 4. c3 g6 5. Be2 Bg7 6. O-O O-O 7. Na3 Nbd7 8. Qc2
Re8 9. Be3 c6 10. Nc4 Qc7 11. b4 d5 12. Na5 b6 13. Nb3 Bb7 14. Nfd2 h6 15. f3
c5 16. bxc5 bxc5 17. Rfb1 Rab8 1/2-1/2

[Event "16th Costa del Sol it"]
[Site "Torremolinos y Malaga ESP"]
[Date "1976.02.14"]
[Round "8"]
[White "Pomar Salamanca, Arturo"]
[Black "Garcia Gonzalez, Guillermo"]
[Result "1/2-1/2"]
[WhiteElo "2430"]
[BlackElo "2475"]
[EventDate "1976.02.06"]
[PlyCount "20"]

1. d4 Nf6 2. Nf3 g6 3. g3 c5 4. Bg2 d5 5. O-O cxd4 6. Nxd4 Bg7 7. c4 dxc4 8.
Qa4+ Nbd7 9. Qxc4 O-O 10. Nc3 Ne8 {Blancas: 20 minutos  Negras: 15 minutos}
1/2-1/2

[Event "16th Costa del Sol it"]
[Site "Torremolinos y Malaga ESP"]
[Date "1976.02.14"]
[Round "8"]
[White "Christiansen, Larry Mark"]
[Black "Hernando Pertierra, Jose Carlos"]
[Result "1-0"]
[WhiteElo "2400"]
[BlackElo "2315"]
[EventDate "1976.02.06"]
[PlyCount "121"]

1. e4 c6 2. d4 g6 3. c3 d5 4. Nd2 Bg7 5. Ngf3 Nh6 6. Bd3 f6 7. O-O Nf7 8. exd5
cxd5 9. c4 e6 10. cxd5 exd5 11. Re1+ Kf8 12. b4 Bh6 13. Qb3 Kg7 14. h3 Nc6 15.
b5 Na5 16. Qb4 Bf4 17. Nb3 Bc7 18. Bd2 b6 19. Nxa5 bxa5 20. Qa3 Rb8 21. Rac1
Rb7 22. Qb3 Bb6 23. a4 Rd7 24. h4 Rc7 25. Bb1 Rxc1 26. Bxc1 Bg4 27. Ba2 Bxf3
28. Qxf3 Re8 29. Rxe8 Qxe8 30. Be3 Qe4 31. Bxd5 Qxf3 32. gxf3 Nd6 33. Be6 Kf8
34. Bh6+ Ke7 35. d5 Nf5 36. Bxf5 gxf5 37. Bf4 Kd7 38. h5 Bc7 39. Be3 Bb6 40.
Bf4 Bc7 41. d6 Bxd6 42. Be3 Bb8 43. Kf1 f4 44. Bd4 Ke6 45. Ke2 Kf5 46. Kd3 Kg5
47. b6 axb6 48. Bxb6 Kxh5 49. Bxa5 Kh4 50. Ke2 Kh3 51. Kf1 h5 52. Bd8 Kh2 53.
a5 h4 54. Bxf6 h3 55. a6 Kh1 56. Be5 Ba7 57. Bxf4 Bb6 58. Bg3 Ba7 59. f4 Bb8
60. f5 Bxg3 61. a7 {Blancas: 2 horas y 55 minutos  Negras: 2 horas y 55 minutos
} 1-0

[Event "16th Costa del Sol it"]
[Site "Torremolinos y Malaga ESP"]
[Date "1976.02.15"]
[Round "9"]
[White "Keene, Raymond Dennis"]
[Black "Byrne, Robert"]
[Result "1/2-1/2"]
[WhiteElo "2460"]
[BlackElo "2540"]
[EventDate "1976.02.06"]
[PlyCount "30"]

1. c4 e6 2. Nc3 d5 3. d4 Nf6 4. Nf3 Nbd7 5. cxd5 exd5 6. Bf4 Bd6 7. Bxd6 cxd6
8. g3 O-O 9. Bg2 Nb6 10. O-O Be6 11. Ne1 Rc8 12. Rc1 Qd7 13. Nd3 Rc6 14. b3
Rfc8 15. Qd2 a6 {Blancas: 1 hora y 30 minutos  Negras: 1 hora y 6 minutos}
1/2-1/2

[Event "16th Costa del Sol it"]
[Site "Torremolinos y Malaga ESP"]
[Date "1976.02.15"]
[Round "9"]
[White "Medina Garcia, Antonio Angel"]
[Black "Gheorghiu, Florin"]
[Result "0-1"]
[WhiteElo "2345"]
[BlackElo "2540"]
[EventDate "1976.02.06"]
[PlyCount "62"]

1. e4 c5 2. Nc3 Nc6 3. g3 g6 4. Bg2 Bg7 5. d3 d6 6. f4 e5 7. Nh3 exf4 8. Bxf4
Nge7 $5 (8... Nf6 {
fue jugada en Medina Garcia - Reshevsky, Palma de Mallorca 1971.}) 9. Qd2 h6
10. O-O Rb8 $5 11. Kh1 b5 12. a3 {El blanco juega de forma pasiva} g5 $1 13.
Be3 a5 $1 14. Rae1 b4 15. axb4 axb4 16. Nd1 $6 (16. Nd5 Bxb2 17. Qf2 Be6 18.
Rb1 Bg7 19. Nf6+ {tablas}) 16... Be6 17. Ng1 Ne5 18. Nf3 Nxf3 19. Bxf3 Nc6 20.
Bg2 Qa5 21. b3 Qa2 $6 {La reina se pone en fuera de juego} 22. Re2 $6 (22. e5
Nxe5 23. d4 cxd4 24. Bxd4 O-O 25. Ne3 {batallas por el centro}) 22... Be5 23.
Ref2 Nd4 24. Qc1 Qa3 25. Qd2 Ke7 26. Qe1 $6 f6 $1 27. Bxd4 $6 cxd4 $1 {
encarcelando al caballo.} 28. Qe2 h5 29. Kg1 g4 30. Rf5 $5 Qc1 31. Qf2 $5 Qh6
$1 {El negro tiene un ataque imparable en el ala de rey.  Blancas: 2 horas y
30 minutos  Negras: 2 horas y 5 mimutos} 0-1

[Event "16th Costa del Sol it"]
[Site "Torremolinos y Malaga ESP"]
[Date "1976.02.15"]
[Round "9"]
[White "Szmetan, Jorge"]
[Black "Bellon Lopez, Juan Manuel"]
[Result "0-1"]
[WhiteElo "2450"]
[BlackElo "2475"]
[EventDate "1976.02.06"]
[PlyCount "78"]

1. e4 c5 2. Nf3 g6 3. d4 Bg7 4. c4 cxd4 5. Nxd4 Nc6 6. Be3 Nf6 7. Nc3 O-O 8.
Be2 b6 9. O-O Bb7 10. f3 d6 11. Qd2 Qd7 12. Rac1 Rfd8 13. Rfd1 Ne8 14. Nb3 Ne5
15. Qe1 Qc8 16. Nd5 Rd7 17. Bd4 e6 18. Ne3 Qd8 19. f4 Nc6 20. Bxg7 Kxg7 21.
Qc3+ f6 22. Bg4 Qe7 23. f5 gxf5 24. exf5 e5 25. Bf3 Kh8 26. Nd5 Qf8 27. Be4 Rc8
28. Qf3 Qh6 29. Rc3 Rg7 30. a3 Nd8 31. Nd2 Nf7 32. Qe2 Ng5 33. Rdc1 b5 34. R1c2
bxc4 35. Nxc4 Rc5 36. Nxd6 Nxd6 37. Rxc5 Ndxe4 38. Rc8+ Bxc8 39. Rxc8+ Rg8 {
Blancas: 2 horas y 30 minutos  Negras: 2 horas y 3 minutos} 0-1

[Event "16th Costa del Sol it"]
[Site "Torremolinos y Malaga ESP"]
[Date "1976.02.15"]
[Round "9"]
[White "Sigurjonsson, Gudmundur"]
[Black "Pomar Salamanca, Arturo"]
[Result "1/2-1/2"]
[WhiteElo "2530"]
[BlackElo "2430"]
[EventDate "1976.02.06"]
[PlyCount "37"]

1. e4 c6 2. d4 d5 3. exd5 cxd5 4. c4 Nf6 5. Nc3 e6 6. Nf3 Be7 7. cxd5 Nxd5 8.
Bd3 Nc6 9. O-O O-O 10. Re1 Bd7 11. a3 Bf6 12. Be4 Nce7 13. Qd3 g6 14. Bh6 Re8
15. Ne5 Bc6 16. Rad1 Nf5 17. Nxc6 bxc6 18. Bxf5 gxf5 19. Nxd5 {
Blancas: 1 hora y 45 minutos  Negras: 1 hora y 13 minutos} 1/2-1/2

[Event "16th Costa del Sol it"]
[Site "Torremolinos y Malaga ESP"]
[Date "1976.02.15"]
[Round "9"]
[White "Fraguela Gil, Jose Miguel"]
[Black "Ciocaltea, Victor"]
[Result "1/2-1/2"]
[WhiteElo "2380"]
[BlackElo "2480"]
[EventDate "1976.02.06"]
[PlyCount "79"]

1. d4 Nf6 2. c4 c5 3. d5 e5 4. Nc3 d6 5. e4 Be7 6. Be2 O-O 7. Nf3 Nbd7 8. O-O
Ne8 9. Ne1 Bg5 10. Nd3 a6 11. Rb1 Nc7 12. b4 cxb4 13. Rxb4 b5 14. cxb5 Nxb5 15.
Nxb5 axb5 16. Rxb5 Rxa2 17. Nb4 Ra8 18. Bxg5 Qxg5 19. Qc1 Qxc1 20. Rxc1 Nc5 21.
f3 f5 22. exf5 Bxf5 23. Rb6 Rab8 24. Rxb8 Rxb8 25. Na6 Nxa6 26. Bxa6 Rb1 27.
Rxb1 Bxb1 28. Kf2 Ba2 29. Bb7 Kf7 30. Ke3 Ke7 31. f4 Kd7 32. fxe5 dxe5 33. Ke4
Kd6 34. Ba8 Bc4 35. Bb7 Bf1 36. Kf3 e4+ 37. Kxe4 Bxg2+ 38. Ke3 Bxd5 39. Ba6 Ke5
40. Bd3 {Blancas: 2 horas y 23 minutos  Negras: 2 horas y 20 minutos} 1/2-1/2

[Event "16th Costa del Sol it"]
[Site "Torremolinos y Malaga ESP"]
[Date "1976.02.12"]
[Round "9"]
[White "Garcia Gonzalez, Guillermo"]
[Black "Christiansen, Larry Mark"]
[Result "1/2-1/2"]
[WhiteElo "2475"]
[BlackElo "2400"]
[EventDate "1976.02.06"]
[PlyCount "20"]

1. c4 Nf6 2. Nc3 c6 3. d4 d5 4. e3 g6 5. Nf3 Bg7 6. b3 O-O 7. Be2 Ne4 8. Bb2
Nxc3 9. Bxc3 Nd7 10. O-O Nf6 {Blancas: 30 minutos  Negras: 38 minutos} 1/2-1/2

[Event "16th Costa del Sol it"]
[Site "Torremolinos y Malaga ESP"]
[Date "1976.02.16"]
[Round "10"]
[White "Byrne, Robert"]
[Black "Gheorghiu, Florin"]
[Result "1/2-1/2"]
[WhiteElo "2540"]
[BlackElo "2540"]
[EventDate "1976.02.06"]
[PlyCount "32"]

1. e4 e5 2. Nf3 Nc6 3. Bb5 a6 4. Ba4 Nf6 5. O-O Be7 6. Re1 b5 7. Bb3 O-O 8. c3
d6 9. h3 Nb8 10. d4 Nbd7 11. Nbd2 Bb7 12. Bc2 c5 13. d5 Re8 14. Nf1 Bf8 15. Ng3
g6 16. Bg5 h6 {Blancas: 28 minutos  Negras: 45 minutos} 1/2-1/2

[Event "16th Costa del Sol it"]
[Site "Torremolinos y Malaga ESP"]
[Date "1976.02.16"]
[Round "10"]
[White "Keene, Raymond Dennis"]
[Black "Szmetan, Jorge"]
[Result "1/2-1/2"]
[WhiteElo "2460"]
[BlackElo "2450"]
[EventDate "1976.02.06"]
[PlyCount "38"]

1. c4 g6 2. e4 c5 3. Nf3 Nc6 4. d4 cxd4 5. Nxd4 Bg7 6. Be3 Nh6 7. Be2 d6 8. Qd2
Ng4 9. Bxg4 Bxg4 10. Nc3 O-O 11. O-O a6 12. f4 Bd7 13. Rad1 Rc8 14. b3 f5 15.
exf5 Bxf5 16. Nxf5 Rxf5 17. Nd5 b5 18. Bf2 bxc4 19. bxc4 Qf8 {
Blancas: 1 hora y 32 minutos  Negras: 1 hora y 50 minutos} 1/2-1/2

[Event "16th Costa del Sol it"]
[Site "Torremolinos y Malaga ESP"]
[Date "1976.02.16"]
[Round "10"]
[White "Pomar Salamanca, Arturo"]
[Black "Medina Garcia, Antonio Angel"]
[Result "1-0"]
[WhiteElo "2430"]
[BlackElo "2345"]
[EventDate "1976.02.06"]
[PlyCount "81"]

1. e4 e5 2. Nf3 Nc6 3. Nc3 g6 4. d4 exd4 5. Nd5 Bg7 6. Bg5 Nce7 7. Bc4 h6 8.
Bh4 c6 9. Nxe7 Nxe7 10. O-O O-O 11. Nxd4 d5 12. exd5 cxd5 13. Bb3 g5 14. Bg3
Qb6 15. c3 Bd7 16. Re1 Rfe8 17. Qd3 Rad8 18. Be5 Bxe5 19. Rxe5 Ng6 20. Rxe8+
Rxe8 21. Qd2 Qd6 22. Re1 Rxe1+ 23. Qxe1 Kf8 24. g3 b6 25. Qe2 Ne7 26. Kg2 a5
27. a3 Kg7 28. Qe3 Kf8 29. Nf3 f6 30. Bc2 Kg7 31. Nd4 Qe5 32. Qd3 f5 33. Qa6
Qb8 34. b4 axb4 35. cxb4 Qd6 36. Qe2 Kf6 37. Qe3 Qe5 38. a4 f4 39. Qd3 fxg3 40.
hxg3 Qe1 41. Qh7 {Blancas: 2 horas y 29 minutos  Negras: 2 horas y 35 minutos}
1-0

[Event "16th Costa del Sol it"]
[Site "Torremolinos y Malaga ESP"]
[Date "1976.02.16"]
[Round "10"]
[White "Bellon Lopez, Juan Manuel"]
[Black "Fraguela Gil, Jose Miguel"]
[Result "0-1"]
[WhiteElo "2475"]
[BlackElo "2380"]
[EventDate "1976.02.06"]
[PlyCount "41"]

1. e4 c5 2. Nf3 d6 3. d4 cxd4 4. Nxd4 Nf6 5. Nc3 a6 6. g3 e6 7. Bg2 Be7 8. O-O
O-O 9. Be3 Bd7 10. f4 Nc6 11. Nb3 Qc7 12. g4 Be8 13. g5 Nd7 14. f5 Kh8 15. Rf3
Rg8 16. Rh3 Nf8 17. Qh5 Ne5 18. Rf1 Nc4 19. Bd4 Ne5 20. Qh4 Bd7 21. Rf4 0-1

[Event "16th Costa del Sol it"]
[Site "Torremolinos y Malaga ESP"]
[Date "1976.02.16"]
[Round "10"]
[White "Christiansen, Larry Mark"]
[Black "Sigurjonsson, Gudmundur"]
[Result "1/2-1/2"]
[WhiteElo "2400"]
[BlackElo "2530"]
[EventDate "1976.02.06"]
[PlyCount "20"]

1. Nf3 Nf6 2. d4 g6 3. Nbd2 d6 4. c3 Bg7 5. e4 Nc6 6. b4 a6 7. Be2 O-O 8. O-O
e5 9. dxe5 Nxe5 10. Nxe5 dxe5 {Blancas: 32 minutos  Negras: 38 minutos} 1/2-1/2